000 00775nam a22002417a 4500
005 20170124110159.0
010 _aB-031432
020 _c500.00
_a8170002982
035 _aB-031432
037 _bCen Lib/Ret
040 _aDPL
_bEN
082 _a020
_bCHA
245 _aChallenges before library and information science in new millennium /
_cedited by Y. L. Chopra [and] Mamta Chopra
260 _aNew Delhi
_bEss Ess Publications
_c2001
270 _a4837/24, Ansari Road, Darya Ganj
_bNew Delhi
_e110002
300 _a184p.
_c22cm(Hb)
500 _aIncludes index
650 _aLibrary science
_935726
650 _aInformation science
_935727
700 _aChopra, Y. L.
_935728
700 _aChopra, Mamta
_935729
942 _2ddc
_cEN
_h020
_mCHA
999 _c132784
_d132784